Quizzes
Events
Quiz Creation
Community
Videos
Private Events
Remove Ads
Sign In
Join for FREE
Feedback
Dark Mode
Quiz Categories
Sports
Geography
Music
Movies
Television
Just For Fun
Miscellaneous
History
Literature
Language
Science
Gaming
Entertainment
Religion
Holiday
For Kids
Quiz Lab
Recent
Popular Today
Quiz Kudos Today
Editor Picks
Curator Picks
Quizzes by...
Day
Popularity
Type
Ratings
Length
Year
Community
Subscriptions
Recent Discussions
Orange Saloon
Badges
Playlists
Quests
Create
Leaderboards
Showdown
Live 5
Trivia Bingo
Activity
Puzzle Library
Sporcle Events
Private Events
Virtual Trivia
Globe League
Become a Host
Pub Owners
SporcleCon
Opinionation
Our Games
Videos
Blog
Mobile Apps
Partnerships
Remove Ads and Go Orange
Feedback
Sports
Athletes
MLB
NBA
NHL
NFL
Soccer
Sports Teams
WWE
NCAA
Football
Premier League
Basketball
Baseball
Hockey
Golf
Tennis
Cricket
Rugby
Auto Racing
Olympics
World Cup
Sports
Athletes
MLB
NBA
NHL
NFL
Soccer
Sports Teams
WWE
NCAA
Football
Premier League
Basketball
Baseball
Hockey
Golf
Tennis
Cricket
Rugby
Auto Racing
Olympics
World Cup
Random Quiz
Search Sporcle
×
Quiz Lab
Quiz Lab
Sports
WWE
Type in answers that appear in a list
Type in answers that appear in a list
Classic
Best Score? Go Orange.
The Undertaker WWE PPV Opponents Stats
Can you name the Undertaker's WWE PPV Opponents?
By
ShaunCold
20m
240 Questions
6,706 Plays
6,706 Plays
6,706 Plays
Comments
Comments
Give Quiz Kudos
Give Quiz Kudos
-
- Ratings
hide this ad
Replay
Link that replays current quiz
Next Quiz
Link to next quiz in quiz playlist
You Got
0%
They Got
Avg Score
78%
Avg Friend Score
Upgrade to see
Score Distribution
Jump to the score distribution portion of the page
Score
0/240
Timer
20:00
0
Plays Today
PPV
Wrestler
% Correct
Wrestlemania 28
Triple H
97.8%
Survivor Series 1995
Hunter Hearst Helmsley
97.4%
No Mercy (UK)
Triple H
97.4%
King of the Ring 2000
Triple H
97.4%
Armageddon 2000
Triple H
97.4%
Wrestlemania 17
Triple H
97.4%
Backlash 2001
Triple H
97.4%
Insurrextion 2002
Triple H
97.4%
King of the Ring 2002
Triple H
97.4%
No Way Out 2009
Triple H
97.4%
Wrestlemania 27
Triple H
97.4%
Super ShowDown (2018)
Triple H
96.5%
Crown Jewel
Triple H
96.5%
Survivor Series 1995
Isaac Yankem
95.3%
Unforgiven: In Your House
Kane
95.3%
Fully Loaded: In Your House
Kane
95.3%
Breakdown: In Your House
Kane
95.3%
Judgment Day: In Your House
Kane
95.3%
Survivor Series 1998
Kane
95.3%
Capital Carnage
Kane
95.3%
Summerslam 1999
Kane
95.3%
Summerslam 2000
Kane
95.3%
Unforgiven 2000
Kane
95.3%
Wrestlemania 20
Kane
95.3%
Night of Champions 2010
Kane
95.3%
Hell in a Cell 2010
Kane
95.3%
Bragging Rights 2010
Kane
95.3%
Wrestlemania 14
Kane
95.2%
Ground Zero: In Your House
Shawn Michaels
95.2%
Badd Blood: In Your House
Shawn Michaels
95.2%
Royal Rumble 1998
Shawn Michaels
95.2%
Royal Rumble 2007
Shawn Michaels
95.2%
No Way Out 2007
Shawn Michaels
95.2%
Royal Rumble 2008
Shawn Michaels
95.2%
Wrestlemania 25
Shawn Michaels
95.2%
Wrestlemania 26
Shawn Michaels
95.2%
Crown Jewel
Shawn Michaels
95.2%
In Your House 5: Seasons Beatings
King Mabel
92.9%
Royal Rumble 1997
Steve Austin
92.3%
In Your House 13: Final Four
Steve Austin
92.3%
In Your House 15: A Cold Day in Hell
Steve Austin
92.3%
Capital Carnage
Steve Austin
92.3%
Summerslam 1998
Steve Austin
92.1%
Breakdown: In Your House
Steve Austin
92.1%
Rock Bottom: In Your House
Steve Austin
92.1%
No Mercy (UK)
Steve Austin
92.1%
Over the Edge 1999
Steve Austin
92.1%
Fully Loaded 1999
Steve Austin
92.1%
Armageddon 2000
Steve Austin
92.1%
Backlash 2001
Steve Austin
92.1%
Insurrextion 2001
Steve Austin
92.1%
Judgment Day 2001
Steve Austin
92.1%
Survivor Series 2001
Steve Austin
92.1%
Backlash 2002
Steve Austin
92.1%
No Way Out 2001
Edge
92.1%
Armageddon 2007
Edge
92.1%
Wrestlemania 25
Edge
92.1%
Backlash 2008
Edge
92.1%
Judgment Day 2008
Edge
92.1%
One Night Stand 2008
Edge
92.1%
Summerslam 2008
Edge
92.1%
No Way Out 2009
Edge
92.1%
Wrestlemania 30
Brock Lesnar
92%
Survivor Series 1998
The Rock
91.7%
King of the Ring 1999
The Rock
91.7%
Unforgiven 2000
The Rock
91.7%
Armageddon 2000
The Rock
91.7%
No Way Out 2002
The Rock
91.7%
Vengeance 2002
The Rock
91.7%
Unforgiven 2002
Brock Lesnar
90.9%
No Mercy 2002
Brock Lesnar
90.9%
Royal Rumble 2003
Brock Lesnar
90.9%
No Mercy 2003
Brock Lesnar
90.9%
No Way Out 2003
The Big Show
90.8%
Wrestlemania 19
The Big Show
90.8%
Great American Bash 2006
The Big Show
90.8%
No Mercy 2008
Big Show
90.8%
Cyber Sunday 2008
Big Show
90.8%
Survivor Series 2008
Big Show
90.8%
Royal Rumble 2009
Big Show
90.8%
PPV
Wrestler
% Correct
No Way Out 2009
Big Show
90.8%
Survivor Series 2009
The Big Show
90.8%
SummerSlam (2015)
Brock Lesnar
90.7%
Hell in a Cell (2015)
Brock Lesnar
90.7%
Invasion
Booker T
90.6%
No Mercy 2001
Booker T
90.6%
Survivor Series 2001
Booker T
90.6%
Judgment Day 2004
Booker T
90.6%
Armageddon 2004
Booker T
90.6%
Wrestlemania 21
Randy Orton
90.5%
Summerslam 2005
Randy Orton
90.5%
No Mercy 2005
Randy Orton
90.5%
Armageddon 2005
Randy Orton
90.5%
Survivor Series 1991
Hulk Hogan
90.4%
This Tuesday in Texas
Hulk Hogan
90.4%
Royal Rumble 1992
Hulk Hogan
90.4%
Judgment Day 2002
Hollywood Hulk Hogan
90.4%
Wrestlemania 32
Shane McMahon
90.2%
Wrestlemania 23
Batista
90%
Backlash 2007
Batista
90%
Cyber Sunday 2007
Batista
90%
Survivor Series 2007
Batista
90%
Armageddon 2007
Batista
90%
No Way Out 2008
Batista
90%
Bragging Rights 2009
Batista
90%
TLC 2009
Batista
90%
Wrestlemania 29
CM Punk
89.4%
Extreme Rules 2019
Shane McMahon
89.1%
Breaking Point
CM Punk
88.4%
Hell in a Cell 2009
CM Punk
88.4%
Bragging Rights 2009
CM Punk
88.4%
Elimination Chamber 2010
CM Punk
88.4%
Royal Rumble (2017)
Roman Reigns
88.1%
Wrestlemania 33
Roman Reigns
88.1%
King of the Ring 2000
Shane McMahon
88.1%
Survivor Series 2001
Shane McMahon
88.1%
Vegeance 2003
John Cena
88%
No Way Out 2007
John Cena
88%
Survivor Series 1990
Bret Hart
87.9%
Royal Rumble 1996
Bret Hart
87.9%
In Your House 13: Final Four
Bret Hart
87.9%
Summerslam 1997
Bret Hart
87.9%
One Night Only
Bret Hart
87.9%
King of the Ring 2000
Vince McMahon
87.9%
Survivor Series 2003
Vince McMahon
87.9%
Fully Loaded 2000
Kurt Angle
87.7%
Survivor Series 2000
Kurt Angle
87.7%
Armageddon 2000
Kurt Angle
87.7%
Survivor Series 2001
Kurt Angle
87.7%
Vengeance 2002
Kurt Angle
87.7%
No Way Out 2006
Kurt Angle
87.7%
In Your House 7: Good Friends, Better Enemies
Mankind
87.3%
King of the Ring 1996
Mankind
87.3%
Summerslam 1996
Mankind
87.3%
In Your House 11: Buried Alive
Mankind
87.3%
Survivor Series 1996
Mankind
87.3%
In Your House 14: Revenge of the Taker
Mankind
87.3%
King of the Ring 1998
Mankind
87.3%
Fully Loaded: In Your House
Mankind
87.3%
Capital Carnage
Mankind
87.3%
Wrestlemania 18
Ric Flair
86.5%
Survivor Series 2009
Chris Jericho
86.2%
Elimination Chamber 2010
Chris Jericho
86.2%
No Mercy 2005
'Cowboy' Bob Orton
85.6%
Wrestlemania 15
The Big Boss Man
84.3%
Wrestlemania 22
Mark Henry
83.8%
Unforgiven 2007
Mark Henry
83.8%
Wrestlemania 31
Bray Wyatt
83.4%
Survivor Series (2015)
Bray Wyatt
83.4%
No Way Out 2009
Jeff Hardy
82.7%
King of the Ring 1995
Mabel
82.5%
No Way Out 2008
Big Daddy V
82.5%
In Your House 3
King Mabel
82.3%
Survivor Series 1995
King Mabel
82.3%
Summerslam 2004
John Bradshaw Layfield
82.1%
No Mercy 2004
John Bradshaw Layfield
82.1%
Armageddon 2004
John Bradshaw Layfield
82.1%
No Way Out 2001
Christian
81.9%
Wrestlemania 12
Diesel
81.6%
Super ShowDown 2019
Goldberg
81.1%
PPV
Wrestler
% Correct
Bragging Rights 2009
Rey Mysterio
80.6%
Royal Rumble 2010
Rey Mysterio
80.6%
Elimination Chamber 2010
Rey Mysterio
80.6%
No Way Out 2001
Bubba Ray Dudley
80.5%
Invasion
Bubba Ray Dudley
80.5%
Great American Bash
Bubba Ray Dudley
80.5%
No Way Out 2001
D'Von Dudley
80.5%
Invasion
D'Von Dudley
80.5%
Great American Bash
D'Von Dudley
80.5%
Wrestlemania 7
Jimmy Snuka
79.5%
Survivor Series 2001
Rob Van Dam
78.4%
Vengeance 2001
Rob Van Dam
78.4%
Wrestlemania 8
Jake Roberts
77.5%
Unforgiven 2000
Chris Benoit
77.3%
Rebellion 2000
Chris Benoit
77.3%
In Your House 6
Goldust
77.2%
In Your House 8: Beware of Dog
Goldust
77.2%
In Your House 9: International Incident
Goldust
77.2%
In Your House 10: Mind Games
Goldust
77.2%
Survivor Series 1993
Yokozuna
77%
Royal Rumble 1994
Yokozuna
77%
Survivor Series 1994
Yokozuna
77%
Armageddon 2004
Eddie Guerrero
76.8%
Wrestlemania 13
Sycho Sid
76.1%
Judgment Day 2006
The Great Khali
75.7%
No Way Out 2008
The Great Khali
75.7%
Survivor Series (2015)
Luke Harper
75.6%
Royal Rumble 1993
Giant Gonzalez
74.9%
Wrestlemania 9
Giant Gonzalez
74.9%
Summerslam 1993
Giant Gonzalez
74.9%
Wrestlemania 19
A-Train
74%
Summerslam 2003
A-Train
74%
Armageddon 2000
Rikishi
74%
Royal Rumble 2001
Rikishi
74%
Summerslam 1999
X-Pac
73.5%
Greatest Royal Rumble
Rusev
69.9%
Wrestlemania 11
King Kong Bundy
69.7%
Extreme Rules 2019
Drew McIntyre
69%
Summerslam 2001
Diamond Dallas Page
68.9%
Invasion
Diamond Dallas Page
68.9%
Survivor Series 1990
Dusty Rhodes
68%
No Mercy 2006
Mr. Kennedy
67.3%
Survivor Series 2006
Ken Kennedy
67.3%
Armageddon 2006
Mr. Kennedy
67.3%
No Way Out 2008
MVP
66%
Royal Rumble 1997
Vader
65.8%
In Your House 13: Final Four
Vader
65.8%
In Your House 16: Canadian Stampede
Vader
65.8%
Summerslam 1994
'The Undertaker'
65.2%
Summerslam 2002
Test
64.5%
In Your House 1
Kama
64.5%
Royal Rumble 2002
Maven
63.1%
Survivor Series 1990
Jim Neidhart
62.1%
King of the Ring 1997
Faarooq
60.5%
No Way Out 2008
Finlay
60%
In Your House 2: The Lumberjacks
Kama
58.7%
Summerslam 1995
Kama
58.7%
Unforgiven 2001
Brian Adams
57.5%
No Way Out 2005
Luther Reigns
57.4%
Survivor Series 1993
Crush
56.5%
Elimination Chamber 2010
John Morrison
56.5%
Summerslam 1992
Kamala
55.8%
Survivor Series 1992
Kamala
55.8%
Backlash: In Your House
Ken Shamrock
55.7%
Summerslam 2001
Kanyon
55.3%
Survivor Series 2004
Heidenreich
54.1%
Royal Rumble 2005
Heidenreich
54.1%
Invasion
Rhyno
51%
Royal Rumble 1991
Legion of Doom
50.6%
Survivor Series 1990
Koko B. Ware
50.4%
Survivor Series 1995
Jerry Lawler
49.7%
No Way Out 2009
Vladimir Kozlov
48.9%
Elimination Chamber 2010
R-Truth
47.8%
Unforgiven 2001
Bryan Clark
47.1%
Royal Rumble 1995
Irwin R. Schyster
46.7%
D-
Generation X: In Your House
Jeff Jarrett
45%
Great American Bash 2005
Muhammad Hassan
43%
Survivor Series 1993
Ludvig Borga
37.4%
In Your House 12: It's Time
The Executioner
34.6%
Survivor Series 1993
Quebecer Jacques
31.1%
Quiz Playlist
Details
Report
Send in Message
Add To Playlist
Classic:
Type in answers that appear in a list
Last Updated: Jan 29, 2018
Quiz Scoreboard
CHALLENGE
Sign Up to Join the Scoreboard
Show All
Scores
Hide
Comments
May contain spoilers
Recently Published
College Basketball Coaching Resumes
by pancakes188
Sports
9m
Billboard Blitz: Fleetwood Mac
by CooCooCachoo
Music
15s
Presidents Visiting Landmarks
by Hejman
History
7m
More to Explore
Quiz From the Vault
Featured Blog Post
Where Did the Easter Bunny Come From?
hide this ad
You Might Also Like...
Tags
WWE Quiz
PPV
PPV Opponents
The Undertakers
Undertaker
Wrestling
WWF
Today's Top Quizzes in Sports
Browse Sports
hide this ad
Today's Top Quizzes in WWE
Browse WWE
Top Contributed Quizzes in Sports
1
2022 World Cup Stars
2
Les meilleurs buteurs des matchs entre le PSG et l’OM
3
FIFA Club World Cup Champions
4
Les entraîneurs de l'OM et du PSG au 21e siècle
5
Criteria MLB: Left Handed Sluggers
6
AFC Teams Reveal (Wrong Answers Minefield)
7
2023 MLB Unique Player Accomplishments
8
Players with Multiple 50 Home Run Seasons
9
5-to-1: FBS Animal Nicknames
10
5-to-1: UK Sports Teams
Explore More
Trending Topics
NBA
Crossword
Disney
Harry Potter
Marvel
Anime
Kpop
The Office
Pokémon
Puzzle
WWE
Country
NFL
Song
Soccer
hide this ad
More By:
ShaunCold
Quiz
Plays
Rating
Category
Featured
Created
NFL's Worst (2017)
27,417
4.55
Sports
Jan 16, 2018
The Undertaker WWE PPV Opponents
6,706
3.06
Sports
Jul 12, 2011
MMA Submissions by Picture
2,469
4.40
Sports
Mar 11, 2017
2017 NBA Jersey Numbers (Slideshow)
2,370
4.00
Sports
Oct 14, 2017
NFL's Worst (2023)
2,336
5.00
Sports
Jan 8, 2024
Go to Creator's Profile
Score Distribution
Quiz Creator Spotlight
ShaunCold
Follow
Send a Message
Quizzes Created
-
Created Quiz Play Count
-
More By This Creator
Popular Quizzes Today
1
Find the US States - No Outlines Minefield
2
Find the Countries of Europe - No Outlines Minefield
3
The Countries of the World
4
Find the US States
5
Risky Map Clicking: Biggest States A-Z
6
US States
7
Popular People in 1961
8
Movies - When Are They Set?
More Sports Quizzes
Fade Out Blitz: NFL Players
Curator's Pick
Trending Quizzes
Risky Map Clicking: Least Populous States A-Z
1-10 Letter G Words
1-10 Letter F Words
Risky Map Clicking: Next State Alphabetically
Risky Map Clicking: Biggest States A-Z
Recently Updated
Leaping Animals
pecheneg
Reality TV Shows (A-Z)
bhenderson79
Rickey Henderson's Hall of Fame Teammates
pecheneg
Champions League XIs: Arsenal
pecheneg
Quick Pick: Celebrities in WWE's Hall of Fame
aduchscher
A-Z Keypad Blitz II
pecheneg
Multiple Oscar Actors
pecheneg
Mystery Phrase Blitz: Oscar 'Best Actors'
pecheneg
F. Scott Fitzgerald Novels
LTH
Pick 3 Villains
ddd62291
Trending Topics
Harry Potter
Kpop
Anime
Marvel
Crossword
NBA
Disney
The Office
NFL
Puzzle
Song
Country
Pokémon
Soccer
WWE
Your Account Isn't Verified!
In order to create a playlist on Sporcle, you need to verify the email address you used during registration. Go to your
Sporcle Settings
to finish the process.
Report this User
Report this user for behavior that violates our
Community Guidelines
.
Details:
Send Report
Go to the Sporcle.com Mobile Site →
Comments